Normal view
MARC view
Entry Geographic Name
001 - CONTROL NUMBER
- control field: 323994
003 - CONTROL NUMBER IDENTIFIER
- control field:
005 - DATE AND TIME OF LATEST TRANSACTION
- control field: 20210602103757.0
008 - FIXED-LENGTH DATA ELEMENTS
- fixed length control field: 210602|| aca||aabn | a|a d
040 ## - CATALOGING SOURCE
- Original cataloging agency:
- Transcribing agency:
151 ## - HEADING--GEOGRAPHIC NAME
- Geographic name: Pecs (Hungary)
- General subdivision: Social conditions
670 ## - SOURCE DATA FOUND
- Source citation: Work cat.: (): Szelenyi, Ivan 314045, Urban inequalities under state socialism /, 1983
